000 00254nam a2200109Ia 4500
008 220216s9999 xx 000 0 und d
100 _aMajumdar Samir
245 0 _aInsoluble sulphur
260 _bRubberchem review
_c1994
300 _a39-50
942 _cJS
999 _c61448
_d61448